| 000 | 01125nac a22003251u 4500 | ||
|---|---|---|---|
| 003 | EG-ScBUE | ||
| 005 | 20220614152058.0 | ||
| 008 | 200219s2008 enk f 000 0 eng d | ||
| 020 | _a9780194791298 | ||
| 040 |
_aEG-ScBUE _beng _erda _cEG-ScBUE _dEG-ScBUE |
||
| 082 | 0 | 4 |
_a428.64 _bBUR _222 |
| 100 | 1 |
_aBurnett, Frances Hodgs, _eauthor. |
|
| 245 | 1 | 4 |
_aThe secret garden / _cFrances Hodgson Burnett ; retold by Clare West ; illustrated by Jenny Brackley. |
| 264 | 1 |
_aOxford : _bOxford University Press, _c2008. |
|
| 300 |
_a120 pages : _billustrations ; _c15 cm. |
||
| 336 |
_2rdacontent _atext _btxt |
||
| 337 |
_2rdamedia _aunmediated _bn |
||
| 338 |
_2rdacarrier _avolume _bnc |
||
| 490 | 0 |
_aOxford Bookworms library ; _v3 |
|
| 500 | _aDistributer: Baccah. | ||
| 650 | 7 |
_aReaders (Elementary) _2BUEsh |
|
| 650 | 7 |
_aReaders (Secondary) _2BUEsh |
|
| 650 | 7 |
_aReading comprehension _vProblems, exercises, etc. _2BUEsh |
|
| 651 | _2BUEsh | ||
| 653 | _bHHUUEENN | ||
| 655 |
_vReading book _934232 |
||
| 700 | 1 |
_aWest, Clare, _econtributor. |
|
| 700 | 1 |
_aBrackley, Jenny, _eillustrator. |
|
| 942 |
_cBB _k428.64 BUR _2ddc |
||
| 999 |
_c8743 _d8743 |
||